| 000 | 00487nam a2200205Ia 4500 | ||
|---|---|---|---|
| 008 | 210210b1920 xxu||||| |||| 00| 0 eng d | ||
| 041 | _aeng | ||
| 082 | _a825/871 | ||
| 100 | _aTREVELYAN (G M) | ||
| 245 | _aPoetry and philosophy of George Meredith | ||
| 260 |
_aLondon _bConstatble & Co Ltd. _c1920 |
||
| 650 | _aPoetry | ||
| 650 | _aphilosophy | ||
| 650 | _aof | ||
| 650 | _aMeredith | ||
| 650 | _aGeorge | ||
| 650 | _aand | ||
| 690 | _aEnglish Criticism | ||
| 906 | _a015186 | ||
| 999 |
_c134503 _d134503 |
||